LEADER 00877nam a2200217 i 4500 001 000000030578 003 CaOOAMICUS 005 20240926124950.0 008 180830s1916 it u000 u ita u 040 $aSeMil$bita 100 1 $aNiccoli, Vittorio,$d<1859-1917>.$0(OLS)http://semarc/name/14085 245 10$aMeccanica agraria /$cVittorio Niccoli. 260 $aMilano :$bUlrico Hoepli,$c1916. 300 $a2 v. ;$c16 cm. 500 $aNon posseduto il vol. 2. 650 4$aMacchine agricole.$0(OLS)http://semarc/subject/4884 774 0 $tLavorazione del terreno.$b2. ed. riv. ed ampliata.$dMilano : Ulrico Hoepli, 1916.$kManuali Hoepli$g1$w()233717 830 0$aManuali Hoepli.$0(OLS)http://semarc/title/7639 996 $6245$aMeccanica agraria$9(OLS)http://semarc/title/41635 996 $6260$aMilano :$bUlrico Hoepli$9(OLS)http://semarc/publisher/29765 LEADER 00941nam a2200205 i 4500 001 000000068826 003 CaOOAMICUS 005 20100830000000.0 008 100830s1884 it u000 u ita u 013 $a39998 040 $aSeMil$bita 100 1 $aCepari, Virgilio <1564-1631>.$0(OLS)http://semarc/name/28739 245 10$aVita di s. Luigi Gonzaga della Compagnia di Gesù /$csecondo il P. Virgilio Cepàri della medesima Compagnia. 260 $aMonza :$bTipografia e libreria De' Paolini,$c1884. 300 $a240 p., [1] c. di tav. :$britr. ;$c15 cm. 600 04$aGonzaga, Luigi .$0(OLS)http://semarc/subject/8735 850 $aSeMil 852 $aSeMil$W1$xVenegono$y1$m3J I 66 FA$j34979$B34979$CSeMilBibl$Z2$F34982 $8I 996 $6245$aVita di s. Luigi Gonzaga della Compagnia di Gesù$9(OLS)http://semarc/title/110042 996 $6260$aMonza :$bTipografia e libreria De' Paolini$9(OLS)http://semarc/publisher/32827